Thừa tướng Khương Tử Nha /
Salvato in:
| Autore principale: | |
|---|---|
| Natura: | Sách giấy |
| Lingua: | Vietnamese |
| Pubblicazione: |
Cà Mau :
Mũi Cà Mau,
2001
|
| Tags: |
Aggiungi Tag
Nessun Tag, puoi essere il primo ad aggiungerne! !
|
| Thư viện lưu trữ: | Thư viện Trường Đại học Đà Lạt |
|---|
| LEADER | 00665nam a2200277 4500 | ||
|---|---|---|---|
| 001 | DLU030020601 | ||
| 003 | ##DLU | ||
| 005 | ##20021230 | ||
| 008 | ##021230t vn z000 vie d | ||
| 040 | # | # | |a DLU |b vie |
| 041 | # | # | |a vie |
| 044 | # | # | |a vn |
| 082 | # | # | |a 923.209 51 |b DU-H |
| 100 | # | # | |a Dương Diên Hồng |
| 245 | # | # | |a Thừa tướng Khương Tử Nha / |c Dương Diên Hồng |
| 260 | # | # | |a Cà Mau : |b Mũi Cà Mau, |c 2001 |
| 300 | # | # | |a 106 tr. ; |c 19 cm |
| 992 | # | # | |a 10000 |
| 994 | # | # | |a DLU |
| 900 | # | # | |a True |
| 911 | # | # | |a Phan Ngọc Đông |
| 925 | # | # | |a G |
| 926 | # | # | |a A |
| 927 | # | # | |a SH |
| 980 | # | # | |a Thư viện Trường Đại học Đà Lạt |